000 00391nam a22001577a 4500
999 _c531677
_d531677
003 NUST
005 20191023120156.0
008 191023b ||||| |||| 00| 0 eng d
038 _aMSOHAIL
082 _a0
100 _aABDUL MAJEED
_924628
245 _aECONOMIC IMPLICATIONS OF VEHICLE OVERLOADING
260 _aIslamabad
_bNTRC
_c1984
300 _a106,p;
_c25cm
_eH/B
942 _2ddc
_cBK